LEADER 00958nam0-22003251i-450- 001 990000779400403321 005 20001010 035 $a000077940 035 $aFED01000077940 035 $a(Aleph)000077940FED01 035 $a000077940 100 $a20001010d--------km-y0itay50------ba 101 0 $aita 105 $ay-------001yy 200 1 $a<>ROMANI nell'arte$fa cura di Lionello Costanza Fattori, Alberto Maiorino 210 $a. - $cSocieta' Elettrifi ca- zione$d1969 215 $a57 p., 96 p. di tav.$cin parte ill. (anche color.)$d35 cm 300 $aEsemplare numero: 840 610 0 $aARTE ROMANA 676 $a709.014 702 1$aFattori,$bLionello Costanza 702 1$aMaiorino,$bAlberto 801 0$aIT$bUNINA$gRICA$2UNIMARC 901 $aBK 912 $a990000779400403321 952 $aART.FI C 135$b6245/888$fFARBC 959 $aFARBC 996 $aROMANI nell'arte$9351258 997 $aUNINA DB $aING01 LEADER 02712nam 2200637 450 001 9910787454803321 005 20230807212521.0 010 $a1-4438-7406-X 035 $a(CKB)3710000000337559 035 $a(OCoLC)901286689 035 $a(CaPaEBR)ebrary11019477 035 $a(SSID)ssj0001466756 035 $a(PQKBManifestationID)11916545 035 $a(PQKBTitleCode)TC0001466756 035 $a(PQKBWorkID)11503527 035 $a(PQKB)11325160 035 $a(MiAaPQ)EBC2076812 035 $a(Au-PeEL)EBL2076812 035 $a(CaPaEBR)ebr11019477 035 $a(CaONFJC)MIL692102 035 $a(MiAaPQ)EBC3051691 035 $a(Au-PeEL)EBL3051691 035 $a(OCoLC)922952329 035 $a(EXLCZ)993710000000337559 100 $a20150218h20152015 uy 0 101 0 $aeng 135 $aurcnu|||||||| 181 $ctxt 182 $cc 183 $acr 200 14$aThe birth of a celestial light $ea feminist evaluation of an Iranian spiritual movement - inter-universal mysticism /$fby Tina Eftekhar 205 $a1st ed. 210 1$aNewcastle upon Tyne, England :$cCambridge Scholars Publishing,$d2015. 210 4$dİ2015 215 $a1 online resource (204 p.) 300 $aBibliographic Level Mode of Issuance: Monograph 311 $a1-322-60820-2 311 $a1-4438-7048-X 320 $aIncludes bibliographical references. 327 $aIntro -- TABLE OF CONTENTS -- LIST OF TABLES AND FIGURES -- FOREWORD -- PREFACE -- ACKNOWLEDGEMENTS -- INTRODUCTION -- SUMMARY OF THE CHAPTERS -- CHAPTER ONE -- CHAPTER TWO -- CHAPTER THREE -- CHAPTER FOUR -- CHAPTER FIVE -- CHAPTER SIX -- CHAPTER SEVEN -- APPENDIX I -- GLOSSARY -- REFERENCES -- BIBLIOGRAPHY. 330 $aIt is interesting that women who campaign for women's rights and interests in Iran have not considered engaging with women who are neither conventional Muslims nor strongly secular, but instead explore other aspects of religion and spirituality. The women examined in this study identify themselves as believers in God, but have different views of religion; some wish to be called religious but do not follow the official Islamic Shia and have their own interpretation of what it means to be a goo. 606 $aWomen$xReligious life$zIran 606 $aMysticism$zIran 606 $aFeminism$xReligious aspects 615 0$aWomen$xReligious life 615 0$aMysticism 615 0$aFeminism$xReligious aspects. 676 $a248.843 700 $aEftekhar$b Tina$01507816 801 0$bMiAaPQ 801 1$bMiAaPQ 801 2$bMiAaPQ 906 $aBOOK 912 $a9910787454803321 996 $aThe birth of a celestial light$93738827 997 $aUNINA LEADER 03454nam 2200805 a 450 001 9910971386403321 005 20241202180111.0 010 $a0125586914 (hbk.) 010 $a9786612540400 010 $a9780125586917 (hbk.) 010 $a9781282540408 010 $a1282540408 010 $a9780080556703 010 $a0080556701 035 $a(CKB)2670000000019514 035 $a(EBL)534996 035 $a(OCoLC)808998500 035 $a(SSID)ssj0000412321 035 $a(PQKBManifestationID)11306243 035 $a(PQKBTitleCode)TC0000412321 035 $a(PQKBWorkID)10368535 035 $a(PQKB)10936907 035 $a(Au-PeEL)EBL534996 035 $a(CaPaEBR)ebr10378944 035 $a(CaONFJC)MIL254040 035 $a(PPN)170235351 035 $a(FR-PaCSA)41001492 035 $a(MiAaPQ)EBC534996 035 $a(FRCYB41001492)41001492 035 $a(EXLCZ)992670000000019514 100 $a20070822d2008 uy 0 101 0 $aeng 135 $aur|n|---||||| 181 $ctxt 182 $cc 183 $acr 200 10$aAtmosphere, ocean, and climate dynamics $ean introductory text /$fJohn Marshall and R. Alan Plumb 205 $a1st ed. 210 $aAmsterdam ;$a[Burlington, MA] $cElsevier Academic Press$dc2008 215 $axx, 319 p. $cill. (some col.), maps (some col.), ports. ;$d27 cm 225 1 $aInternational geophysics series ;$vv. 93 300 $aDescription based upon print version of record. 311 08$a9781493301812 311 08$a1493301810 311 08$a9780125586917 311 08$a0125586914 320 $aIncludes bibliographical references (p. 303-305) and index. 327 $aCharacteristics of the atmosphere -- The global energy balance -- The vertical structure of the atmosphere -- Convection -- The meridional structure of the atmosphere -- The equations of fluid motion -- Balanced flow -- The general circulation of the atmosphere -- The ocean and its circulation -- The wind-driven circulation -- The thermohaline circulation of the ocean -- Climate and climate variability. 330 $aFor advanced undergraduate and beginning graduate students in atmospheric, oceanic, and climate science, Atmosphere, Ocean and Climate Dynamics is an introductory textbook on the circulations of the atmosphere and ocean and their interaction, with an emphasis on global scales. It will give students a good grasp of what the atmosphere and oceans look like on the large-scale and why they look that way. The role of the oceans in climate and paleoclimate is also discussed. The combination of observations, theory and accompanying illustrative laboratory experiments sets this text apart by m 410 0$aInternational geophysics series ;$vv. 93. 606 $aAtmospheric circulation 606 $aOcean-atmosphere interaction 606 $aOcean circulation 606 $aFluid dynamics 606 $aAtmospheric thermodynamics 615 0$aAtmospheric circulation. 615 0$aOcean-atmosphere interaction. 615 0$aOcean circulation. 615 0$aFluid dynamics. 615 0$aAtmospheric thermodynamics. 676 $a551.5246 700 $aMarshall$b John$0145056 701 $aPlumb$b R. Alan$f1948-$01153391 801 0$bMiAaPQ 801 1$bMiAaPQ 801 2$bMiAaPQ 906 $aBOOK 912 $a9910971386403321 996 $aAtmosphere, ocean, and climate dynamics$94340746 997 $aUNINA